000 00924nam a22003490a 4500
001 PT57393
003 AR-LpoUNG
005 20210131231813.0
008 191001s2007||||ag |||||||||||||||||spa d
020 _a9789505639151
_c$39
040 _aAR-LpoUNG
_bspa
_cAR-LpoUNG
_eaacr
041 _aspa
044 _aag
082 0 _aA861 643tea
100 1 _aGonzález Tuñon, Raúl
245 1 0 _aTeatro, sainete y farsa
250 _a1ra. ed.
260 _aBuenos Aires :
_bBiblioteca Nacional - Colihue,
_c2007.
300 _a161 p. :
_bil.
650 4 _aARGENTINA
650 4 _aLITERATURA
650 4 _aTEATRO
651 4 _aDOCUMENTOS TEORICOS O METODOLOGICOS
653 _aLITERATURA ARGENTINA
700 1 _aCarey, Bernardo
_eprelim.
700 1 _aOlivari, Nicolás
700 1 _aParravicini, Florencio
700 1 _aPico, Pedro E.
700 1 _aVacarezza, Alberto
905 _a57393
942 _cLIB
999 _c12037
_d12037